[Event "Nahariagun op 21st"]
[Site "Nahariagun"]
[Date "2023.10.22"]
[Round "3"]
[White "Paksing, Bimpak"]
[Black "Tanmay, Rajbongshi"]
[Result "0-1"]
[WhiteElo "1500"]
[BlackElo "1854"]
[PlyCount "88"]
[EventDate "2023.10.21"]
[EventType "swiss"]
[EventRounds "9"]
[EventCountry "IND"]
[SourceTitle "Mega2024 Update 01"]
[Source "Chessbase"]
[SourceDate "2023.11.12"]
[SourceVersion "1"]
[SourceVersionDate "2023.11.12"]
[SourceQuality "1"]

1. e4 c5 2. Nf3 Nc6 3. a3 e6 4. Nc3 Nf6 5. h3 d5 6. exd5 exd5 7. d4 c4 8. Bf4 Be7 9. Be2 0-0 10. 0-0 a6 11. Re1 h6 12. Ne5 Be6 13. Qd2 Rc8 14. Bf3 Nh7 15. Nxc6 bxc6 16. b4 Ng5 17. Bd1 a5 18. Rb1 axb4 19. axb4 Bd7 20. Bxg5 Bxg5 21. f4 Bh4 22. Rf1 Ra8 23. Bf3 Qb6 24. b5 Qa5 25. bxc6 Bxc6 26. Ra1 Qxa1 27. Rxa1 Rxa1+ 28. Kh2 Be1 29. Qe3 Re8 30. Be4 dxe4 31. d5 Bxc3 32. Qxc3 Rd1 33. dxc6 e3 34. c7 e2 35. Qxc4 Rh1+ 36. Kxh1 e1Q+ 37. Kh2 Qe6 38. Qc5 Rc8 39. g4 Qd7 40. Kg3 Rxc7 41. Qf2 Rc3+ 42. Kh4 Qe7+ 43. g5 hxg5+ 44. fxg5 Qe4+ 0-1